000 00853nam a2200277 4500
001 17377
003 BD-RjUL
005 20211209000129.0
008 140216r19701955nyu 001 0 eng
020 _a0836918584
035 _a(BD-RjUL)17435
040 _aDLC
_cDLC
_dBD-RjUL
_beng
041 _aeng
082 0 0 _a190
_bWHA 1970
100 1 _aWhite, Morton
_d1917-
_953546
245 1 4 _aThe age of analysis :
_btwentieth century philosophers /
_cMorton White.
260 _aFreeport ; N.Y. :
_bBooks for Libraries Press,
_cc1955 [reprint 1970].
300 _axi, 253 p. ;
_c23 cm.
490 0 _aEssay index reprint series
504 _aInclude index.
650 0 _aPhilosophy, Modern
_y20th century.
_93369
942 _2ddc
_cBK
999 _c17377
_d17377